| 000 | 00749cam a22002533a 4500 | ||
|---|---|---|---|
| 001 | 21751 | ||
| 003 | PGUSA | ||
| 005 | 20140828083449.0 | ||
| 008 | 070607s2007||||xxu|||||s|||||000 1 eng d | ||
| 040 |
_aPGUSA _beng |
||
| 042 | _adc | ||
| 050 | 4 | _aPZ | |
| 100 | 1 |
_aBallantyne, R. M. _q(Robert Michael), _d1825-1894 |
|
| 245 | 1 | 4 |
_aThe Middy and the Moors : _bAn Algerine Story _h[electronic resource] / _cR. M. Ballantyne |
| 260 |
_bProject Gutenberg, _c2007 |
||
| 506 | _aPublic domain in the USA. | ||
| 516 | _aElectronic text | ||
| 653 | _aAdventure stories | ||
| 653 | _aAlgeria -- Fiction | ||
| 700 | 1 |
_aTwidle, Arthur, _d1865-1936 |
|
| 830 | 0 |
_aProject Gutenberg _v21751 |
|
| 856 | 4 | 0 | _uhttp://www.gutenberg.org/ebooks/21751 |
| 942 | _cEB | ||
| 999 |
_c251006 _d251006 |
||